00301nam a2200121Ia 4500008004100000041000800041082001200049100001700061245003000078260002800108300003200136365001100168240624s9999 xx 000 0 und d aeng a657 RAM aRAMANATHAN S aACCOUNTING FOR MANAGEMENT c2014aNew DelhibOxford axvii, : 669 : p. : cm. ; 26 cRSb31